| 000 | 01289nam a2200337 c 4500 | ||
|---|---|---|---|
| 003 | BLK | ||
| 005 | 20180422114430.0 | ||
| 008 | 180411b bul|||||r ||||||| ||bul|| | ||
| 010 | _aKNG00179289000 | ||
| 040 | _aBLK | ||
| 041 |
_aBUL _cBUL |
||
| 080 |
_aМенажерии. Вж и 636.02 _b791.82 _x _z791.82 |
||
| 080 |
_aБългарска литература _b821.163.2 _x-32 _z821.163.2-32 |
||
| 100 | 1 |
_aНидермайер, Макси _eпърви автор _9338784 |
|
| 700 | 1 |
_aДемирев, Йордан _eсъавт. _9378314 |
|
| 139 |
_aНидермайер, Макси и др. _bН 66 |
||
| 245 | 1 | 0 |
_aМоите най-добри приятели-мечките _bРазказ на една дресьорка : Повест за юноши _cМакси Нидермайер; съавт. Йордан Демирев. |
| 257 | _aBGR | ||
| 260 |
_аСвердловск _bОтечество _c1980 |
||
| 300 |
_a207 с. _bс ил. _c22 см |
||
| 380 | _aDX | ||
| 500 | _a20 115 тир. | ||
| 650 | 4 |
_aМечки _9162126 |
|
| 653 | _aмечки | ||
| 653 | _aдресировка | ||
| 852 | _aЦб 105193 | ||
| 856 | 4 |
_qpdf _u |
|
| 856 | 4 |
_qpdf _u |
|
| 942 |
_cKNG _n0 |
||
| 944 |
_aCR _c07.08.2015 _kВалентина_Караджова |
||
| 944 |
_aED _c07.08.2015 _kВалентина_Караджова |
||
| 999 |
_c171053 _d171053 |
||